000 01075nam a2200301 4500
001 22
003 OSt
005 20250528074009.0
008 250121b |||||||e |||| 00| 1 eng d
040 _bpor
041 _heng
_apor
082 _a823
_bA467p
100 1 _aAlther, Lisa,
_d1944-
_949
240 _aOriginal Sins
245 _aPecados Originais /
_cAlther, Lisa ; Tradução de Antônio de Pádua Danesi
260 _aSão Paulo
_bCírculo do Livro
_c1981
300 _a540 p.
520 _aEsta é uma história apaixonante de cinco personagens do Sul conservador dos Estados Unidos. Nela descobrimos a natureza especial, as compensações e tristezas de ser um sulista numa época de grande tumulto e mudanças.Mas todos tem uma meta....a busca da felicidade...
650 0 _aLiteratura Americana
_984
650 0 _aGrandes Amizades
_928
650 0 _aAmor e Paixão
_925
650 0 _aLGBT
_950
650 0 _aLição de Vida
_921
655 0 _aRomance
_923
655 0 _aFicção
_922
700 _aAntonio de Pádua Danesi
_eTradutor
_951
942 _2ddc
_n0
_cBK
999 _c22
_d22